Public policy in knowledge-based economies: foundations and frameworks (new Horizons in public policy series) (Record no. 47221)

MARC details
000 -LEADER
fixed length control field 00625nam a2200169Ia 4500
008 - FIXED-LENGTH DATA ELEMENTS--GENERAL INFORMATION
fixed length control field 191130s2007##################000#0#eng##
020 ## - INTERNATIONAL STANDARD BOOK NUMBER
International Standard Book Number 9781840643404
040 ## - CATALOGING SOURCE
Original cataloging agency ACL
Transcribing agency ACL
082 ## - DEWEY DECIMAL CLASSIFICATION NUMBER
Classification number 306.42 ROO
245 ## - TITLE STATEMENT
Title Public policy in knowledge-based economies: foundations and frameworks (new Horizons in public policy series)
Statement of responsibility, etc. David Rooney, Greg Hearn, Thomas Mandeville, Richard Joseph
260 ## - PUBLICATION, DISTRIBUTION, ETC.
Place of publication, distribution, etc. Cheltenham, UK ; Northampton, MA
Name of publisher, distributor, etc. Edward Elgar Publishing
Date of publication, distribution, etc. 2007
500 ## - GENERAL NOTE
General note includes index
650 ## - SUBJECT ADDED ENTRY--TOPICAL TERM
Topical term or geographic name entry element Knowledge based economics
990 ## - EQUIVALENCES OR CROSS-REFERENCES [LOCAL, CANADA]
Link information for 9XX fields 9f7d83e9ac10000c56ce7a0a5895d1da
991 ## -
-- 212368
Holdings
Withdrawn status Lost status Damaged status Not for loan Home library Current library Shelving location Date acquired Total Checkouts Full call number Barcode Date last seen Price effective from Koha item type
        Anna Centenary Library Anna Centenary Library 3RD FLOOR, B WING 09.10.2020   306.42 ROO 342988 09.10.2020 09.10.2020 Books

Find us on the map